[Event "Rio de Janeiro Duchamp op 5th"]
[Site "Rio de Janeiro"]
[Date "2024.12.08"]
[Round "9"]
[White "Dos Santos, Haroldo Cunha Jr"]
[Black "Peixoto, Rudson Marinho"]
[Result "1/2-1/2"]
[WhiteElo "2038"]
[BlackElo "1910"]
[PlyCount "108"]
[EventDate "2024.12.02"]
[EventType "swiss"]
[EventRounds "9"]
[EventCountry "BRA"]
[SourceTitle "CB50_2024"]
[SourceDate "2024.11.01"]
[SourceVersion "1"]
[SourceVersionDate "2024.11.01"]
[SourceQuality "2"]

1. d4 Nf6 2. Nf3 g6 3. Bf4 Bg7 4. e3 0-0 5. Be2 d6 6. 0-0 h6 7. h3 c5 8. c3 Qb6 9. Qc1 Bf5 10. Nbd2 g5 11. Bg3 Nc6 12. Nc4 Qd8 13. a4 Na5 14. Nxa5 Qxa5 15. Nd2 cxd4 16. Nc4 Qd8 17. exd4 Re8 18. Ne3 Bg6 19. Qd1 Qb6 20. Ra2 Red8 21. f4 Be4 22. fxg5 hxg5 23. Bd3 d5 24. Nf5 Qe6 25. Be5 Bf8 26. Qd2 Bxd3 27. Qxd3 Ne4 28. Raa1 f6 29. Bh2 Qb6 30. Qe2 e5 31. Kh1 exd4 32. Nxd4 Re8 33. Qh5 Re7 34. Nf5 Rh7 35. Qe2 Re8 36. Qb5 Nf2+ 37. Rxf2 Qxf2 38. Qxe8 Qxf5 39. Re1 g4 40. Qe6+ Qxe6 41. Rxe6 Kf7 42. Re3 Bc5 43. Rd3 gxh3 44. gxh3 Ke6 45. Bg1 Bxg1 46. Kxg1 Ke5 47. Kg2 Rh4 48. Kg3 Rxa4 49. h4 f5 50. h5 Rg4+ 51. Kh3 Rg1 52. Kh4 f4 53. h6 Ke4 54. Rd4+ Ke5 1/2-1/2

[Event "Niteroi op 4th"]
[Site "Niteroi"]
[Date "2024.08.29"]
[Round "3"]
[White "Dos Santos, Haroldo Cunha Jr"]
[Black "Matsuura, Everaldo"]
[Result "1/2-1/2"]
[WhiteElo "2040"]
[BlackElo "2365"]
[PlyCount "43"]
[EventDate "2024.08.28"]
[EventType "swiss"]
[EventRounds "7"]
[EventCountry "BRA"]
[SourceTitle "CBM 221 Extra"]
[Source "ChessBase"]
[SourceDate "2024.09.30"]
[SourceVersion "1"]
[SourceVersionDate "2024.09.30"]
[SourceQuality "1"]

1. d4 Nf6 2. Nf3 g6 3. Bf4 Bg7 4. Nbd2 c5 5. e3 0-0 6. Be2 Nc6 7. c3 d6 8. 0-0 Bf5 9. h3 cxd4 10. exd4 Qc7 11. Nc4 Nd5 12. Bd2 e5 13. Ne3 Nxe3 14. Bxe3 e4 15. Nd2 d5 16. f3 exf3 17. Bxf3 Rad8 18. Bg5 Rd7 19. Bg4 Ne7 20. Bxe7 Bxg4 21. Qxg4 Kh8 22. Rfb1 1/2-1/2

[Event "Niteroi op 4th"]
[Site "Niteroi"]
[Date "2024.08.29"]
[Round "2"]
[White "Dos Santos, Haroldo Cunha Jr"]
[Black "Pontes, Luiz Felizola Lima"]
[Result "1-0"]
[WhiteElo "2040"]
[BlackElo "1777"]
[PlyCount "47"]
[EventDate "2024.08.28"]
[EventType "swiss"]
[EventRounds "7"]
[EventCountry "BRA"]
[SourceTitle "CBM 221 Extra"]
[Source "ChessBase"]
[SourceDate "2024.09.30"]
[SourceVersion "1"]
[SourceVersionDate "2024.09.30"]
[SourceQuality "1"]

1. d4 d5 2. Nf3 Nf6 3. Bf4 e6 4. e3 c5 5. c3 Nc6 6. Nbd2 cxd4 7. exd4 Nh5 8. Be5 f6 9. Bg3 Nxg3 10. hxg3 g6 11. Bd3 Bg7 12. Rxh7 Rxh7 13. Bxg6+ Kf8 14. Bxh7 e5 15. Nh4 exd4 16. Ng6+ Kf7 17. Qh5 dxc3 18. bxc3 Ke6 19. Nf4+ Kd7 20. Ne4 Kc7 21. Rd1 Bd7 22. Qf7 Qe8 23. Nxd5+ Kb8 24. Qxg7 1-0

[Event "Florianopolis op"]
[Site "Florianopolis"]
[Date "2024.05.18"]
[Round "3"]
[White "Melo, Sergio Roberto Samp"]
[Black "Dos Santos, Haroldo Cunha Jr"]
[Result "0-1"]
[WhiteElo "1733"]
[BlackElo "2024"]
[PlyCount "60"]
[EventDate "2024.05.16"]
[EventType "swiss"]
[EventRounds "6"]
[EventCountry "BRA"]
[SourceTitle "EXT 2025"]
[Source "ChessBase"]
[SourceDate "2024.10.14"]
[SourceVersion "1"]
[SourceVersionDate "2024.10.14"]
[SourceQuality "1"]

1. Nf3 d5 2. b3 c5 3. Bb2 Nc6 4. g3 Bf5 5. Bg2 Nf6 6. d3 h6 7. Nbd2 e6 8. 0-0 Be7 9. Re1 0-0 10. e4 Bh7 11. Ne5 Rc8 12. Nxc6 bxc6 13. h3 Qb6 14. a4 Rfd8 15. Qe2 Rd7 16. Kh2 Qd8 17. Rad1 Qa5 18. Rf1 Rcd8 19. f4 c4 20. dxc4 dxe4 21. Nb1 Qh5 22. Qxh5 Nxh5 23. Rde1 f5 24. Bc3 g5 25. Ba5 Rb8 26. Re2 gxf4 27. gxf4 Bd6 28. Bd2 e5 29. Rg1 Kf7 30. Rf1 exf4 0-1

[Event "Sao Paulo Sampa op"]
[Site "Sao Paulo"]
[Date "2024.02.04"]
[Round "9"]
[White "Dos Santos, Haroldo Cunha Jr"]
[Black "Usui, Gabriella Yumi"]
[Result "1-0"]
[WhiteElo "2033"]
[BlackElo "1448"]
[PlyCount "129"]
[EventDate "2024.01.29"]
[EventType "swiss"]
[EventRounds "9"]
[EventCountry "BRA"]
[SourceTitle "EXT 2025"]
[Source "ChessBase"]
[SourceDate "2024.10.14"]
[SourceVersion "1"]
[SourceVersionDate "2024.10.14"]
[SourceQuality "1"]

1. d4 d5 2. Nf3 Nf6 3. Bf4 c5 4. e3 Nc6 5. c3 Qb6 6. Qb3 c4 7. Qc2 Bf5 8. Qc1 e6 9. Nbd2 Qd8 10. b3 b5 11. a4 a6 12. Nh4 Be4 13. f3 Bg6 14. Nxg6 hxg6 15. e4 Nh5 16. Be3 Ng3 17. Rg1 Nxf1 18. Nxf1 Na5 19. Nd2 Rxh2 20. axb5 axb5 21. bxc4 Nxc4 22. Nxc4 bxc4 23. Rxa8 Qxa8 24. exd5 exd5 25. Qb2 Bd6 26. Kf2 Qc6 27. Qd2 Qc7 28. Ra1 Kd7 29. Ra6 Rh8 30. Qa2 Rb8 31. Qa4+ Ke7 32. Bc1 Qd7 33. Qxd7+ Kxd7 34. Rxd6+ Kxd6 35. Bf4+ Ke6 36. Bxb8 Kf5 37. g4+ Kg5 38. Kg3 Kh6 39. Kf4 f6 40. Bd6 Kh7 41. g5 Kg8 42. Be7 Kf7 43. Bd8 Ke6 44. Kg4 Kf7 45. f4 f5+ 46. Kf3 Ke8 47. Ba5 Kd7 48. Ke3 Kc6 49. Kd2 Kb5 50. Bb4 Kb6 51. Kc2 Ka6 52. Kb2 Kb6 53. Ka2 Kc6 54. Ka3 Kb5 55. Be7 Ka5 56. Bd8+ Kb5 57. Bc7 Kc6 58. Ba5 Kb5 59. Bb4 Kb6 60. Ka4 Ka6 61. Bc5 Kb7 62. Kb5 Kc7 63. Bb4 Kd7 64. Kc5 Ke6 65. Kc6 1-0

[Event "Sao Paulo Sampa op"]
[Site "Sao Paulo"]
[Date "2024.01.29"]
[Round "1"]
[White "Dos Santos, Haroldo Cunha Jr"]
[Black "De Paula, Bruno Cesar Lima"]
[Result "1-0"]
[WhiteElo "2033"]
[BlackElo "1676"]
[PlyCount "71"]
[EventDate "2024.01.29"]
[EventType "swiss"]
[EventRounds "9"]
[EventCountry "BRA"]
[SourceTitle "CBM 218 Extra"]
[Source "ChessBase"]
[SourceDate "2024.03.31"]
[SourceVersion "1"]
[SourceVersionDate "2024.03.31"]
[SourceQuality "1"]

1. d4 d5 2. Nf3 c6 3. Bf4 e6 4. e3 f5 5. Be2 Nf6 6. 0-0 Be7 7. h3 0-0 8. c4 Ne4 9. Ne5 g5 10. Bh2 Nd7 11. f3 Nef6 12. Nc3 Nxe5 13. dxe5 Nd7 14. Kh1 Qb6 15. Qd2 Bc5 16. Na4 Qb4 17. Qxb4 Bxb4 18. a3 Bd2 19. e4 dxe4 20. fxe4 f4 21. Rad1 Be3 22. Rf3 Nb6 23. Nc3 Bd7 24. Rxe3 fxe3 25. c5 Nc8 26. Rxd7 Rf7 27. Rd3 Ne7 28. Rd6 Ng6 29. Bc4 Rf2 30. Bxe6+ Kg7 31. Bg1 Rxb2 32. Bxe3 Rf8 33. Rd7+ Kh6 34. Bf5 Re8 35. h4 Nf8 36. Bxg5+ 1-0

[Event "Rio de Janeiro Duchamp op 4th"]
[Site "Rio de Janeiro"]
[Date "2022.12.11"]
[Round "6"]
[White "Dos Santos, Haroldo Cunha Jr"]
[Black "Frankental, David"]
[Result "1-0"]
[WhiteElo "2072"]
[BlackElo "1947"]
[PlyCount "47"]
[EventDate "2022.12.07"]
[EventType "swiss"]
[EventRounds "9"]
[EventCountry "BRA"]
[SourceTitle "CBM 211 Extra"]
[Source "ChessBase"]
[SourceDate "2023.01.31"]
[SourceVersion "1"]
[SourceVersionDate "2023.01.31"]
[SourceQuality "1"]

1. d4 d5 2. Nf3 Nf6 3. Bf4 e6 4. e3 c5 5. c3 Nc6 6. Nbd2 Qb6 7. Qb3 c4 8. Qc2 Qa6 9. b3 b5 10. a4 Bd7 11. Qb1 b4 12. cxb4 Bxb4 13. bxc4 Qa5 14. c5 Ne4 15. Qc2 e5 16. dxe5 Bg4 17. Bb5 Bxf3 18. Bxc6+ Ke7 19. gxf3 Nxd2 20. Qf5 Bxc5 21. Bg5+ Kf8 22. Bxa8 Nb3+ 23. Kf1 Qa6+ 24. Kg2 1-0

[Event "Rio de Janeiro Duchamp op 4th"]
[Site "Rio de Janeiro"]
[Date "2022.12.10"]
[Round "4"]
[White "Dos Santos, Haroldo Cunha Jr"]
[Black "Rodi, Luis Ernesto"]
[Result "0-1"]
[WhiteElo "2072"]
[BlackElo "2303"]
[PlyCount "90"]
[EventDate "2022.12.07"]
[EventType "swiss"]
[EventRounds "9"]
[EventCountry "BRA"]
[SourceTitle "CBM 211 Extra"]
[Source "ChessBase"]
[SourceDate "2023.01.31"]
[SourceVersion "1"]
[SourceVersionDate "2023.01.31"]
[SourceQuality "1"]

1. d4 d5 2. Nf3 Nf6 3. Bf4 e6 4. e3 c5 5. c3 Nc6 6. Nbd2 cxd4 7. exd4 Nh5 8. Bg5 f6 9. Bh4 Bd6 10. Bg3 Nf4 11. Nb3 0-0 12. Qd2 Ng6 13. Bd3 Bxg3 14. hxg3 e5 15. dxe5 fxe5 16. Ng5 e4 17. Nxh7 exd3 18. Nxf8 Qe7+ 19. Kf1 Nxf8 20. Re1 Qf7 21. Qxd3 Bf5 22. Qe3 Ng6 23. Nd4 Nce5 24. Rh5 Ng4 25. Qf3 Bd3+ 26. Kg1 Nf6 27. Rg5 Be4 28. Qd1 Nh7 29. Rh5 Nf6 30. Rh3 Nf8 31. g4 Bg6 32. Rhe3 Re8 33. f3 Qc7 34. Rxe8 Nxe8 35. Qa4 Nf6 36. Qxa7 Qg3 37. Re7 Be4 38. Nf5 Bxf5 39. gxf5 Ne4 40. Qe3 Ng5 41. Kf1 Qh4 42. Qd4 Qh1+ 43. Kf2 Ne4+ 44. fxe4 Qh4+ 45. g3 Qxe7 0-1

[Event "Rio de Janeiro Duchamp op 4th"]
[Site "Rio de Janeiro"]
[Date "2022.12.08"]
[Round "2"]
[White "Lima, Darcy Gustavo Macha"]
[Black "Dos Santos, Haroldo Cunha Jr"]
[Result "1-0"]
[WhiteElo "2424"]
[BlackElo "2072"]
[PlyCount "95"]
[EventDate "2022.12.07"]
[EventType "swiss"]
[EventRounds "9"]
[EventCountry "BRA"]
[SourceTitle "CBM 211 Extra"]
[Source "ChessBase"]
[SourceDate "2023.01.31"]
[SourceVersion "1"]
[SourceVersionDate "2023.01.31"]
[SourceQuality "1"]

1. c4 c5 2. Nc3 Nf6 3. g3 d5 4. cxd5 Nxd5 5. Bg2 Nc7 6. Qb3 Nc6 7. Bxc6+ bxc6 8. Qa4 Qd6 9. d3 e5 10. Nf3 f6 11. Be3 Bh3 12. Nd2 Qd7 13. Nce4 Ne6 14. Rc1 Rb8 15. Nc4 Be7 16. f3 h5 17. Nf2 Bf5 18. 0-0 0-0 19. Qa5 Rb4 20. Rfd1 Rfb8 21. Rd2 Nd4 22. Ne4 Be6 23. b3 Bd5 24. Na3 h4 25. g4 Bxb3 26. Nxc5 Bxc5 27. Qxc5 Bd5 28. Bxd4 exd4 29. Nc2 R8b5 30. Qxb4 Rxb4 31. Nxb4 Bf7 32. Nxc6 Qe6 33. Kg2 Qe3 34. Rdc2 Bd5 35. Na5 f5 36. gxf5 h3+ 37. Kxh3 Qf2 38. Nc4 g5 39. Ne5 Qh4+ 40. Kg2 g4 41. Kg1 g3 42. Ng4 gxh2+ 43. Nxh2 Qg5+ 44. Ng4 Qh4 45. Rc8+ Kg7 46. R1c7+ Bf7 47. Kg2 Qe1 48. Re7 1-0

[Event "Florianopolis Spring op 2nd"]
[Site "Florianopolis"]
[Date "2022.10.22"]
[Round "4"]
[White "Dos Santos, Haroldo Cunha Jr"]
[Black "Zabala, Antonio Murara"]
[Result "1-0"]
[WhiteElo "2075"]
[BlackElo "1717"]
[PlyCount "53"]
[EventDate "2022.10.21"]
[EventType "swiss"]
[EventRounds "6"]
[EventCountry "BRA"]
[SourceTitle "EXT 2024"]
[Source "ChessBase"]
[SourceDate "2023.10.10"]
[SourceVersion "1"]
[SourceVersionDate "2023.10.10"]
[SourceQuality "1"]

1. d4 Nf6 2. Nf3 d5 3. Bf4 Bf5 4. c4 c6 5. Nc3 e6 6. Qb3 Qb6 7. c5 Qxb3 8. axb3 Nbd7 9. b4 Nh5 10. Bd2 h6 11. b5 g5 12. h3 Bh7 13. b4 Be7 14. e3 0-0 15. bxc6 bxc6 16. b5 Rfc8 17. Be2 cxb5 18. g4 Nhf6 19. Bxb5 Be4 20. Ke2 e5 21. Rhc1 exd4 22. exd4 Bxf3+ 23. Kxf3 Nf8 24. Ba6 Rcb8 25. Nb5 Ne4 26. Be3 Ne6 27. Ra4 1-0

[Event "Concordia op 6th"]
[Site "Concordia"]
[Date "2022.10.12"]
[Round "1"]
[White "Spieker, Otavio Schmidt"]
[Black "Dos Santos, Haroldo Cunha Jr"]
[Result "0-1"]
[WhiteElo "1205"]
[BlackElo "2075"]
[PlyCount "56"]
[EventDate "2022.10.12"]
[EventType "swiss"]
[EventRounds "9"]
[EventCountry "BRA"]
[SourceTitle "CBM 210 Extra"]
[Source "ChessBase"]
[SourceDate "2022.11.30"]
[SourceVersion "1"]
[SourceVersionDate "2022.11.30"]
[SourceQuality "1"]

1. e4 e5 2. Nf3 Nc6 3. Nc3 Bb4 4. Ne2 Nf6 5. c3 Ba5 6. Ng3 d5 7. Qc2 a6 8. d3 Bb6 9. b4 Ng4 10. Be3 Nxe3 11. fxe3 Bxe3 12. Qe2 d4 13. a3 h5 14. Nf5 Bxf5 15. exf5 Qf6 16. c4 e4 17. Nd2 Bxd2+ 18. Qxd2 e3 19. Qe2 Ne5 20. g3 Qxf5 21. 0-0-0 c5 22. bxc5 Ng4 23. Re1 Qxc5 24. Qb2 Rh6 25. Bg2 Rb6 26. Qa2 Nf2 27. Kc2 Qa5 28. Re2 Qc3# 0-1

[Event "Matinhos op 6th"]
[Site "Matinhos"]
[Date "2022.09.23"]
[Round "7.7"]
[White "Dos Santos, Haroldo Cunha Jr"]
[Black "Rosa, Gabriel Redon"]
[Result "0-1"]
[WhiteElo "2093"]
[BlackElo "1837"]
[PlyCount "100"]
[EventDate "2022.09.18"]
[EventType "swiss"]
[EventRounds "7"]
[EventCountry "BRA"]
[SourceTitle "CBM 210 Extra"]
[Source "ChessBase"]
[SourceDate "2022.11.30"]
[SourceVersion "1"]
[SourceVersionDate "2022.11.30"]
[SourceQuality "1"]

1. d4 Nf6 2. Nf3 d5 3. Bf4 c5 4. e3 Qb6 5. Nc3 e6 6. a3 Bd7 7. Be2 Qxb2 8. Na2 c4 9. 0-0 Ba4 10. Qd2 Qxc2 11. Qe1 Bc6 12. Ne5 Qa4 13. Bd1 Qxa3 14. Bc2 Nfd7 15. Nxc6 bxc6 16. Qb1 Qa6 17. Bxh7 Qc8 18. Bc2 Be7 19. Qd1 g6 20. Qf3 a5 21. e4 Na6 22. exd5 cxd5 23. Nc3 Nb4 24. Bb1 Bf6 25. Nb5 0-0 26. Qg3 Bg7 27. Bd6 Qc6 28. Bxf8 Nxf8 29. Nc3 Bxd4 30. Ra3 Bg7 31. h4 d4 32. Be4 Nd5 33. Ne2 Qc5 34. Rf3 d3 35. Nf4 Nxf4 36. Qxf4 Ra7 37. Rc1 Qd4 38. h5 gxh5 39. Rxc4 Qa1+ 40. Rc1 Qb2 41. Bxd3 a4 42. Rb1 Qa2 43. g3 a3 44. Rb8 Qa1+ 45. Kg2 Qe5 46. Bc4 Qxf4 47. gxf4 a2 48. Bxa2 Rxa2 49. f5 Bd4 50. Rb5 f6 0-1

[Event "Timbo U2200 op 2nd"]
[Site "Timbo"]
[Date "2022.08.13"]
[Round "2"]
[White "Borges, Leonardo Fernandes"]
[Black "Dos Santos, Haroldo Cunha Jr"]
[Result "0-1"]
[WhiteElo "1850"]
[BlackElo "2102"]
[PlyCount "66"]
[EventDate "2022.08.12"]
[EventType "swiss"]
[EventRounds "6"]
[EventCountry "BRA"]
[SourceTitle "EXT 2024"]
[Source "ChessBase"]
[SourceDate "2023.10.10"]
[SourceVersion "1"]
[SourceVersionDate "2023.10.10"]
[SourceQuality "1"]

1. e4 e5 2. Nf3 Nc6 3. Bc4 Bc5 4. 0-0 Nf6 5. d3 h6 6. c3 Qe7 7. b4 Bb6 8. a4 a6 9. Be3 d6 10. a5 Ba7 11. Nbd2 0-0 12. Bxa7 Rxa7 13. Re1 Be6 14. Bxe6 fxe6 15. Nc4 Qf7 16. Qd2 Raa8 17. Rab1 Nh5 18. Re3 Nf4 19. b5 axb5 20. Rxb5 Qh5 21. Ne1 d5 22. exd5 exd5 23. Nb2 Nxa5 24. c4 Nc6 25. Rxb7 Ra1 26. Rxc7 Nd4 27. f3 Qg5 28. Kh1 Nf5 29. Rxe5 Ng3+ 30. hxg3 Qxe5 31. Rd7 Re8 32. Nd1 Ne2 33. Rxd5 Nxg3+ 0-1

[Event "Pan American-ch Seniors 50"]
[Site "Florianopolis"]
[Date "2022.06.26"]
[Round "9"]
[White "Dos Santos, Haroldo Cunha Jr"]
[Black "Souza Neves, Andrey Marcelo"]
[Result "0-1"]
[WhiteElo "2108"]
[BlackElo "2097"]
[PlyCount "54"]
[EventDate "2022.06.21"]
[EventType "swiss"]
[EventRounds "9"]
[EventCountry "BRA"]
[SourceTitle "CBM 209 Extra"]
[Source "ChessBase"]
[SourceDate "2022.09.30"]
[SourceVersion "1"]
[SourceVersionDate "2022.09.30"]
[SourceQuality "1"]

1. d4 d5 2. Nf3 Nf6 3. Bf4 c5 4. e3 Nc6 5. c3 Qb6 6. Qc1 Bf5 7. a4 c4 8. Nbd2 h6 9. h3 e6 10. Be2 Be7 11. Bd1 Ne4 12. Bc2 Nxd2 13. Nxd2 Bxc2 14. Qxc2 f5 15. g4 0-0 16. gxf5 Rxf5 17. Bg3 Raf8 18. Rb1 e5 19. e4 Rf4 20. exd5 exd4 21. dxc6 d3 22. Qd1 Rxf2 23. Nxc4 Qxc6 24. Bxf2 Qxh1+ 25. Kd2 Rxf2+ 26. Kxd3 Qd5+ 27. Ke3 Bc5+ 0-1

[Event "Florianopolis Autumn op U2300"]
[Site "Florianopolis"]
[Date "2022.05.15"]
[Round "5"]
[White "Reichert, Thiago da Cruz"]
[Black "Dos Santos, Haroldo Cunha Jr"]
[Result "1/2-1/2"]
[WhiteElo "1986"]
[BlackElo "2110"]
[PlyCount "58"]
[EventDate "2022.05.13"]
[EventType "swiss"]
[EventRounds "6"]
[EventCountry "BRA"]
[SourceTitle "CBM 208 Extra"]
[Source "ChessBase"]
[SourceDate "2022.07.31"]
[SourceVersion "1"]
[SourceVersionDate "2022.07.31"]
[SourceQuality "1"]

1. d4 Nf6 2. c4 e6 3. Nc3 Bb4 4. Qc2 d5 5. e3 0-0 6. Nf3 c5 7. dxc5 Qa5 8. Bd2 Qxc5 9. a3 Bxc3 10. Bxc3 Nc6 11. b4 Qb6 12. Bxf6 gxf6 13. cxd5 exd5 14. Rd1 Ne7 15. Bd3 f5 16. Nd4 Qf6 17. Qc7 Ng6 18. g3 Re8 19. Bb5 Re7 20. Qd8+ Kg7 21. 0-0 f4 22. exf4 Nxf4 23. gxf4 Bh3 24. Qxd5 Rd8 25. Qg5+ Qxg5+ 26. fxg5 Rd5 27. Rfe1 Rxd4 28. Bf1 Rg4+ 29. Kh1 Rxe1 1/2-1/2

[Event "Florianopolis Autumn op U2300"]
[Site "Florianopolis"]
[Date "2022.05.13"]
[Round "1"]
[White "Jenidarchiche, Douglas Rodrigo"]
[Black "Dos Santos, Haroldo Cunha Jr"]
[Result "0-1"]
[WhiteElo "1824"]
[BlackElo "2110"]
[PlyCount "120"]
[EventDate "2022.05.13"]
[EventType "swiss"]
[EventRounds "6"]
[EventCountry "BRA"]
[SourceTitle "CBM 208 Extra"]
[Source "ChessBase"]
[SourceDate "2022.07.31"]
[SourceVersion "1"]
[SourceVersionDate "2022.07.31"]
[SourceQuality "1"]

1. d4 d5 2. c4 c6 3. cxd5 cxd5 4. Nc3 Nf6 5. Bf4 Qb6 6. e3 Bf5 7. Bb5+ Nc6 8. Nge2 e6 9. 0-0 Be7 10. Qb3 0-0 11. Na4 Qa5 12. Rac1 Nb4 13. Rc7 Qxb5 14. Rxe7 Bc2 15. Nac3 Bxb3 16. Nxb5 Bc4 17. Nbc3 Nxa2 18. Ra1 Nxc3 19. Nxc3 Ba6 20. Na4 Rfe8 21. Rc7 Rec8 22. Rac1 b6 23. f3 Ne8 24. Rxc8 Bxc8 25. Kf2 Kf8 26. Nc3 Bd7 27. e4 dxe4 28. fxe4 f6 29. h4 Ke7 30. d5 e5 31. Be3 Rc8 32. Ra1 Rc7 33. Kf3 h5 34. Bd2 Nd6 35. Ne2 Bg4+ 36. Ke3 Nc4+ 37. Kd3 Nxb2+ 38. Ke3 Nc4+ 39. Kd3 Bxe2+ 40. Kxe2 Nxd2 41. Kxd2 Kd6 42. g4 hxg4 43. Rg1 a5 44. Rxg4 b5 45. h5 b4 46. h6 gxh6 47. Rg6 Rf7 48. Rxh6 a4 49. Kd3 Kc5 50. Rh8 a3 51. Rc8+ Kb6 52. Rh8 a2 53. Rh1 Kb5 54. Kc2 Ka4 55. Kb2 b3 56. Rh8 Rg7 57. Ra8+ Kb4 58. d6 Rg2+ 59. Ka1 Rg1+ 60. Kb2 Rb1# 0-1

[Event "Rio Negrinho Froebel Cup"]
[Site "Rio Negrinho"]
[Date "2022.04.09"]
[Round "4"]
[White "Dos Santos, Haroldo Cunha Jr"]
[Black "Matsuura, Everaldo"]
[Result "1/2-1/2"]
[WhiteElo "2101"]
[BlackElo "2437"]
[PlyCount "34"]
[EventDate "2022.04.08"]
[EventType "swiss"]
[EventRounds "6"]
[EventCountry "BRA"]
[SourceTitle "EXT 2023"]
[Source "ChessBase"]
[SourceDate "2022.10.05"]
[SourceVersion "1"]
[SourceVersionDate "2022.10.05"]
[SourceQuality "1"]

1. d4 d5 2. Nf3 Nf6 3. Bf4 c5 4. e3 Nc6 5. c3 e6 6. Nbd2 Bd6 7. Bg3 0-0 8. Bb5 Ne7 9. Bd3 Qc7 10. Bh4 Nd7 11. e4 cxd4 12. Nxd4 a6 13. Bxe7 Bxe7 14. exd5 Nc5 15. Be2 exd5 16. 0-0 Bd6 17. g3 Bh3 1/2-1/2

[Event "Santa Catarina State-ch 67th"]
[Site "Rio Negrinho"]
[Date "2021.10.26"]
[Round "4"]
[White "Dos Santos, Haroldo Cunha Jr"]
[Black "Matsuura, Everaldo"]
[Result "0-1"]
[WhiteElo "2092"]
[BlackElo "2464"]
[PlyCount "82"]
[EventDate "2021.10.21"]
[EventType "swiss"]
[EventRounds "7"]
[EventCountry "BRA"]
[SourceTitle "EXT 2023"]
[Source "ChessBase"]
[SourceDate "2022.10.05"]
[SourceVersion "1"]
[SourceVersionDate "2022.10.05"]
[SourceQuality "1"]

1. d4 d5 2. Nf3 Nf6 3. Bf4 c5 4. e3 Nc6 5. c3 Qb6 6. Qc1 Bf5 7. Be2 Rc8 8. 0-0 e6 9. Nbd2 h6 10. a4 Be7 11. dxc5 Bxc5 12. a5 Qd8 13. Qd1 0-0 14. Qa4 Nh5 15. Bxh6 gxh6 16. g4 Bg6 17. gxh5 Bxh5 18. Qf4 Kh7 19. Bd3+ f5 20. Nd4 Qf6 21. Kh1 Ne5 22. Bc2 Bd6 23. Qg3 Rg8 24. Qh3 Bg4 25. Qg2 Qh4 26. Qg3 Qh5 27. f4 Bf3+ 28. Rxf3 Rxg3 29. Rxg3 Ng4 30. h3 Nxe3 31. Rxe3 Bxf4 32. Rd3 e5 33. Rf1 e4 34. Bd1 Qg6 35. Rg1 Qf6 36. Rdg3 Bxg3 37. Rxg3 f4 38. Rg4 h5 39. Rg1 Qh4 40. Kh2 Rg8 41. Rxg8 Kxg8 0-1

[Event "Santa Catarina State-ch 67th"]
[Site "Rio Negrinho"]
[Date "2021.10.26"]
[Round "5"]
[White "Melo, Sergio Roberto Samp"]
[Black "Dos Santos, Haroldo Cunha Jr"]
[Result "0-1"]
[WhiteElo "1636"]
[BlackElo "2092"]
[PlyCount "86"]
[EventDate "2021.10.21"]
[EventType "swiss"]
[EventRounds "7"]
[EventCountry "BRA"]
[SourceTitle "EXT 2023"]
[Source "ChessBase"]
[SourceDate "2022.10.05"]
[SourceVersion "1"]
[SourceVersionDate "2022.10.05"]
[SourceQuality "1"]

1. Nf3 d5 2. b3 c5 3. e3 a6 4. Bb2 Nc6 5. d4 Bg4 6. Be2 Bxf3 7. Bxf3 cxd4 8. Bxd4 e5 9. Bb2 Nf6 10. Nd2 Rc8 11. 0-0 Bd6 12. c4 e4 13. Be2 Be5 14. Bxe5 Nxe5 15. cxd5 Qxd5 16. Nc4 Qxd1 17. Rfxd1 Nxc4 18. Bxc4 Ke7 19. h3 Rhd8 20. a4 Rxd1+ 21. Rxd1 Rc5 22. Ra1 Ne8 23. Bf1 Rc3 24. Rb1 Nd6 25. g3 f5 26. g4 g6 27. gxf5 gxf5 28. Kg2 Kf6 29. Kg3 Ke5 30. Kg2 f4 31. exf4+ Kxf4 32. b4 Ra3 33. b5 a5 34. Rd1 Ke5 35. Rc1 Ra2 36. Kg1 Rxa4 37. Rc5+ Kd4 38. Rh5 Rb4 39. Rxh7 a4 40. Rh8 Nxb5 41. Ra8 Nc7 42. Ra7 Kc5 43. Ra5+ b5 0-1

[Event "Santa Catarina State-ch 67th"]
[Site "Rio Negrinho"]
[Date "2021.10.24"]
[Round "6"]
[White "Dos Santos, Haroldo Cunha Jr"]
[Black "Volkmann, Andre Jordi"]
[Result "1-0"]
[WhiteElo "2092"]
[BlackElo "2072"]
[PlyCount "49"]
[EventDate "2021.10.21"]
[EventType "swiss"]
[EventRounds "7"]
[EventCountry "BRA"]
[SourceTitle "EXT 2023"]
[Source "ChessBase"]
[SourceDate "2022.10.05"]
[SourceVersion "1"]
[SourceVersionDate "2022.10.05"]
[SourceQuality "1"]

1. d4 f5 2. Nf3 Nf6 3. g3 b6 4. Bg2 Bb7 5. 0-0 e6 6. c4 Be7 7. Nc3 d6 8. Ng5 Bxg2 9. Kxg2 Qd7 10. d5 exd5 11. cxd5 0-0 12. Ne6 Re8 13. Qd3 g6 14. f3 Nh5 15. Bh6 Bf6 16. e4 Bg7 17. Bd2 fxe4 18. fxe4 a5 19. a3 Na6 20. b4 axb4 21. axb4 Nxb4 22. Qc4 c5 23. dxc6 Qxc6 24. Rxa8 Rxa8 25. Qxb4 1-0